A primeira aventura de Paúl (Registo nº 4680)

Detalhes MARC
000 -Etiqueta do registo
Cabeçalho 00748nam0a2200253 4500
003 - Persistent Record Identifier
control field http://id.bnportugal.gov.pt/bib/porbase/340564
005 - Identificador da versão
Campo de controlo 20240821225508.0
021 ## - Número do Depósito Legal
Código do país PT
Número 50361/91
100 ## - Dados gerais de processamento
Dados gerais de processamento 20190520d1991 m y0pory5003 ba
101 0# - Língua de publicação
Língua do texto, banda sonora, etc. Português
102 ## - Pais de publicação ou produção
País de publicação Portugal
200 1# - Titulo e menção de responsabilidade
Título próprio A primeira aventura de Paúl
Informação de outro título Paúl vem para Faro
Primeira menção de responsabilidade Joaquim Saraiva
Outras menções de responsabilidade il. Isolino Vaz
205 ## - Menção da edição
Menção da edição 2ª ed
210 ## - Publicação, Distribuição, etc. 
Lugar da edição, distribuição, etc. [S.l.
Nome do editor, distribuidor, etc. s.n.]
Data da publicação, distribuição, etc. 1991
Lugar da impressão [Faro
215 ## - Descrição física 
Indicação específica da natureza do documento e extensão da espécie 86, [5] p.
Outras indicações físicas il
225 2# - Colecção 
Título próprio da colecção O mundo mágico de Paúl
Indicação de volume 1
606 ## - Nome comum usado como assunto
Número de registo de entrada de autoridade 0001335
Palavra de ordem Literatura portuguesa
Subdivisão de assunto Conto
Código do sistema CA
675 ## - Classificação Decimal Universal (CDU)
Notação 821.134.3-34
Edição 3ª ed.
Língua da edição por
700 #1 - Nome de autor-pessoa física (responsabilidade principal)
Número de registo de entrada de autoridade 0002128
Palavra de ordem Saraiva
Outra parte do nome não tomada para palavra de ordem Joaquim
702 #1 - Nome de autor-pessoa física (responsabilidade secundária)
Número de registo de entrada de autoridade 0002129
Palavra de ordem Vaz
Outra parte do nome não tomada para palavra de ordem Isolino
Datas 1922-
Código de função Ilustrador / Técnico de desenho computorizado
942 ## - Elementos de entrada adicionados (Koha)
Tipo de item no Koha Livro
966 ## - Identificação da Biblioteca
Sigla EBVEN
Exemplares
Situação do levantamento Origin of item (home branch) (coded) Biblioteca de empréstimo Código de barras Circulation type (not for loan) Tipo de documento Nota do exemplar Damaged status
  Biblioteca Escolar das Vendas Biblioteca Escolar das Vendas BEV455   Livro Sem mensagem